The prospect for nuclear power in Pakistan.

Bibliographic Details
Main Author: Kilbridge, Maurice D., 1920-
Format: Book
Language:English
Published: Washington : National Planning Association, [1958]
Series:National Planning Association. Reports on the productive uses of nuclear energy
Subjects:

MARC

Tag First Indicator Second Indicator Subfields
LEADER 00000cam a2200000 4500
001 in00000041496
005 20151007074555.0
008 751006s1958 dcua 00000 eng c
010 |a  58008791  
035 |a (OCoLC)01678604 
035 |9 AAF1746AM 
040 |a dcl  |c DRB  |d TXA  |d UtOrBLW 
049 |a TXAM  |c [375128] 
050 0 0 |a HD9698.P32  |b K5 
082 0 |a 338.4762148 
092 |a 621.48  |b K48p, 1958 
100 1 |a Kilbridge, Maurice D.,  |d 1920- 
245 1 4 |a The prospect for nuclear power in Pakistan. 
264 1 |a Washington :  |b National Planning Association,  |c [1958] 
300 |a 59 pages :  |b illustrations ;  |c 23 cm. 
336 |a text  |b txt  |2 rdacontent 
337 |a unmediated  |b n  |2 rdamedia 
338 |a volume  |b nc  |2 rdacarrier 
490 0 |a National Planning Association. Reports on the productive uses of nuclear energy 
650 0 |a Nuclear industry  |z Pakistan. 
999 |a MARS 
999 f f |s cc302d5e-0d34-3af4-a59a-a270173a6ab9  |i ea2fb7ce-7e98-3f0f-8dac-976ac9f5c86f  |t 0 
952 f f |p ric  |a Texas A&M University  |b Rellis Campus  |c Joint Library Facility  |d Remote Storage  |t 0  |e HD9698.P32 K5  |h Library of Congress classification  |i unmediated -- volume  |m A14801040822 
998 f f |a HD9698.P32 K5  |t 0  |l Remote Storage